000 00908cam a22002777i 4500
008
020 _a9780198757375 (pbk.)
049 _aMAIN
090 _aQK46.5.D58
_bGAR
100 1 _aGarnier, Eric.
245 1 0 _aPlant functional diversity :
_borganism traits, community structure, and ecosystem properties /
_cEric Garnier ; Marie-Laure Navas and Karl Grigulis.
260 _aOxford (U.K) :
_bOxford University Press,
_c2016.
300 _axxii, 231 p. :
_bill. ;
_c25 cm.
500 _aIncludes index.
504 _aIncludes bibliographical references.
650 0 _aPlant diversity.
650 0 _aPlant ecology.
650 7 _aPlant diversity.
700 1 _aNavas, Marie-Laure.
700 1 _aGrigulis, Karl.
907 _a.b10373846
_b01-06-16
_c01-06-16
003
005 20230123122218.0
040 _cNUST
942 _cBOOKS
_kQK46.5.D58
_mGAR
999 _c129736
_d129736